000 00613nam a2200193 a 4500
001 000027933
005 20240412074253.0
008 110405t1980 dr 000 p spa d
040 _aDO-SdBNP
_bspa
_cBNPHU
082 _aRD861.44
_bA989o
100 1 _aAyuso, Juan José,
_d1940-
_915819
245 1 0 _aDe once varas :
_b(filosofía de patio) 1978/1979 /
_cJuan José Ayuso.
260 _aSanto Domingo :
_bCosmos,
_c1980.
300 _a75 p. ;
_c21 cm.
590 _aInventariado, 2018/LP
650 0 _aPoesía dominicana
_966
650 0 _aLiteratura dominicana.
_967
910 _aValidado. Control de calidad EMS.
999 _c27425
_d27425